000 00417nam a22001697a 4500
003 CEME
005 20210628210648.0
008 210105b xxu||||| |||| 00| 0 eng d
040 _c.
082 _a297 DIL
100 _aDil, Nawaz Dil
_965203
245 _aIbtada-e-sukhan, hamad
260 _aLAHORE
_bAL TEHREER LAHORE
_c2013
300 _a192P
650 _aISLAM-HAMAD-E-BARI TALLAH
_980403
942 _cBK
_2ddc
999 _c585345
_d585345